000 00446cam a22001097a 4500
008 180718b1982 xxu||||| |||| 00| 0 eng d
082 _aI5135x5451 AR/T
245 _aTwenty point programme: organisation and management systems framework for reforms
_cby Administrative Reforms Committee, Andhra Pradesh
260 _aHyderabad
_bAdministrative Reforms Committee
_c1982
300 _a193+p.
700 _aAndhra Pradesh. Administrative Reforms Committee
999 _c488443
_d488443